000 00763nam a22002417a 4500
005 20160121085234.0
008 120314s2012 nyua 001 0 eng
020 _a9780071797443 (hc : alk. paper)
020 _a0071797440 (hc : alk. paper)
041 0 _aeng
080 _a330.322
100 1 _aPring, Martin J.
245 1 0 _aInvesting in the second lost decade :
_cartin J. Pring, Joe D. Turner, Tom J. Kopas.
250 _a1st ed.
260 _aNew York :
_bMcGraw-Hill,
_c2012.
300 _a248 f. :
_bme il.;
_c24 cm.
505 _aIndex: f. 235 - 248
650 0 _aInvestimet
650 0 _aPortfolio
700 1 _aTurner, Joe D.
700 1 _aKopas, Tom J.
942 _2udc
_cBK
999 _c619
_d619